000
00468nam a2200169Ia 4500
008
090124s9999 xx 000 0 und d
082
_b
31167
100
_a
जोशी रत्नप्रभा
245
_a
शिखंडी
250
_a
0
300
_a
114
600
_a
जोशी रत्नप्रभा
630
_a
शिखंडी
700
_a
जोशी रत्नप्रभा
730
_a
शिखंडी
942
_c
BOOK
999
_c
97216
_d
97216